| 000 | 00896nam a22002057a 4500 | ||
|---|---|---|---|
| 999 |
_c12343 _d12343 |
||
| 003 | AR-CdUCM | ||
| 008 | 190306b ||||| |||| 00| 0 spa d | ||
| 040 |
_aMUNICIPALIDAD PROVINCIAL DEL CUSCO _cBIBLIOTECA MUNICIPAL DEL CUSCO |
||
| 082 |
_aC / 985.41 / _bV19 |
||
| 100 |
_aValdivia, Juan Gualberto _92118 |
||
| 245 | _aLas revoluciones de Arequipa / | ||
| 260 |
_aArequipa : _bEl Deber, _c1956. |
||
| 300 |
_a274 + 37 páginas ; _c24 cm. |
||
| 505 | _aContenido:La revolución de Arequipa -- Tratado de Paucarpata, hecho entre el general Santa Cruz y el general Manuel Blanco Encalada -- Proclamación del general Gamarra en Arequipa, para presidente de la república ... | ||
| 650 |
_aParticipación arequipeña en los acontecimientos politicos del Peru _911791 |
||
| 650 |
_aHistoria del Peru _9259 |
||
| 650 |
_aHistoria de Arequipa _91704 |
||
| 942 |
_2ddc _cLIBROS |
||
| 945 |
_awfj _d2019- |
||